000 00857cam a2200217 a 4500
001 000002806
005 20200929150247.0
008 830209s1991 pr b s001 0 spa
020 _a0847736148
040 _aDO-SdBNP
_bspa
_cBNPHU
041 1 7 _aspa
_heng
082 _a801.95
_bM266v
100 1 _aMan, Paul de
_d1919-1983.
_98868
245 1 0 _aVisión y ceguera :
_bensayos sobre la retórica de la crítica contemporánea /
_cPaul de Man ; edición y traducción, Hugo Rodríguez Vecchini y Jacques Lezra.
260 _aRío Piedra, Puerto Rico :
_bUniversidad de Puerto Rico,
_c1991.
300 _a365 p. ;
_c23 cm.
534 _aTítulo original: Blindness and insight, essays in the rhetoric of contemporary criticism.
650 4 _aCrítica literaria
_93141
700 1 _aRodríguez Vecchini, Hugo,
_etr.
_98869
700 1 _aLezra, Jacques,
_etr.
_98870
999 _c2640
_d2640